|
|
|
|
| LEADER |
01838nam a2200469 i 4500 |
| 001 |
nkc20162841808 |
| 003 |
CZ PrNK |
| 005 |
20161109110542.0 |
| 007 |
ta |
| 008 |
161019s2016 xr a e f 001 0 cze |
| 015 |
|
|
|a cnb002841808
|
| 020 |
|
|
|a 978-80-7543-234-6
|q (brožováno)
|
| 035 |
|
|
|a (OCoLC)962341637
|
| 040 |
|
|
|a OLA001
|b cze
|d ABA001
|e rda
|
| 041 |
1 |
|
|a cze
|h ger
|
| 072 |
|
7 |
|a 629
|x Dopravní prostředky
|2 Konspekt
|9 19
|
| 080 |
|
|
|a 629.73-519
|2 MRF
|
| 080 |
|
|
|a (035)
|2 MRF
|
| 100 |
1 |
|
|a Hohenlohe, Stephan zu
|7 ola2016930615
|4 aut
|
| 240 |
1 |
0 |
|a Multicopter, Drohnen.
|l Česky
|
| 245 |
1 |
0 |
|a Drony :
|b stručně a přehledně: výběr vhodného modelu, ovládání, foto a video, legislativa /
|c Stephan zu Hohenlohe ; z německého orignálu Multicopter Dronen přeložil Richard Kříž
|
| 250 |
|
|
|a Vydání první
|
| 264 |
|
1 |
|a Frýdek-Místek :
|b Alpress,
|c 2016
|
| 300 |
|
|
|a 159 stran :
|b barevné ilustrace ;
|c 24 cm
|
| 336 |
|
|
|a text
|b txt
|2 rdacontent
|
| 336 |
|
|
|a statický obraz
|b sti
|2 rdacontent
|
| 337 |
|
|
|a bez média
|b n
|2 rdamedia
|
| 338 |
|
|
|a svazek
|b nc
|2 rdacarrier
|
| 500 |
|
|
|a Název originálu uveden chybně, správně je: Multicopter, Drohnen
|
| 500 |
|
|
|a Terminologický slovník
|
| 500 |
|
|
|a Obsahuje rejstřík
|
| 650 |
0 |
7 |
|a bezpilotní letecké prostředky
|7 ph785847
|2 czenas
|
| 650 |
0 |
9 |
|a unmanned aerial vehicles
|2 eczenas
|
| 655 |
|
7 |
|a příručky
|7 fd133209
|2 czenas
|
| 655 |
|
9 |
|a handbooks and manuals
|2 eczenas
|
| 700 |
1 |
|
|a Kříž, Richard
|7 xx0059451
|4 trl
|
| 910 |
2 |
|
|a BOA001
|b 2-1376.435
|
| 990 |
|
|
|a BK
|
| 995 |
|
|
|a 01
|
| 991 |
|
|
|b 201610
|c NOV
|
| 996 |
6 |
|
|b 2610686311
|c 2-1376.435
|l MZK
|r Sklad / do 1 hodiny
|n 6
|p p.v.
|w 001584060
|u 000010
|a 1
|e BOA001
|j MZK50
|s P
|
| 996 |
7 |
|
|b 2610687290
|c 2-1376.435
|l Vol.výběr
|r VV 1p
|n 16
|p kup
|h 629.7 HOH
|w 001584060
|u 000020
|a 0
|e BOA001
|j MZK50
|s A
|